000 01197nam a22003137a 4500
999 _c409
_d409
001 002011
003 CoMeUDC002011
005 20181214191144.0
008 130821s2004 ck a gr spa
020 _a9586533670
040 _aCo-BoUCM
_bspa
_cCoMeUDC
_dAldemar Mondragón (modificó)
041 0 0 _aspa
082 0 4 _a340.1
_220
_bL864t
100 1 _aLópez Medina, Diego Eduardo
_931962
245 1 0 _aTeoría impura del derecho la transformación de la cultura jurídica latinoamericana /
_cDiego Eduardo López Medina ; prólogo de Duncan Kennedy
260 _aBogotá (Colombia) :
_bLegis ,
_c2004.
300 _axxvi, 480 páginas
_bilustraciones, gráficas
600 1 4 _aKelsen, Hans
_d1881-1973
_xCrítica e interpretación, etc.
_931963
650 0 7 _aDerecho civil
_912711
650 0 7 _aDerecho
_xHistoria
_912854
650 0 7 _aFilosofía del derecho
_915792
650 0 7 _aTeoría del derecho
_925308
690 _aFilosofía del derecho
690 _aTeoría del derecho
700 1 _aKennedy, Duncan
_eprólogo
_931964
710 2 _aUniversidad de los Andes
_94715
710 2 _aUniversidad Nacional de Colombia
_93820
942 _cBK
_a8
_e1
_mL864t
_2ddc
_h340.1